Villes Africaines <3.5 millions d'habitants - Mort Subite - Statistiques

Statistiques générales
  • Ce quiz a été pris 45 fois
  • Le résultat moyen est 4 sur 25
Answers on the Grid
Answers color-coded by a green-red scale on the quiz's grid according to % correct below.
Johannesbourg
Khartoum
Lagos
Le Cap
Nairobi
Luanda
Le Caire
Kinshasa
Dar Es Salaam
Abidjan
Addis-Abeba
Alexandrie
Yaoundé
Kano
Ibadan
Abuja
Douala
Kampala
Ekurhuleni
Antananarivo
Kumasi
Casablanca
Port Harcourt
Dakar
Ouagadougou
Lusaka
Accra
Mbujimayi
Lubumbashi
Durban
Brazzaville
Bamako
Alger
Prétoria
Tunis
Mogadiscio
 
Statistiques - réponses
Réponse % Correct
Johannesbourg
38%
Le Caire
38%
Kinshasa
31%
Lagos
28%
Addis-Abeba
25%
Dakar
19%
Nairobi
19%
Abuja
16%
Alexandrie
16%
Kampala
16%
Khartoum
16%
Abidjan
13%
Kumasi
13%
Le Cap
13%
Casablanca
9%
Dar Es Salaam
9%
Douala
9%
Ekurhuleni
9%
Luanda
9%
Ouagadougou
9%
Antananarivo
6%
Kano
6%
Port Harcourt
6%
Yaoundé
6%
Ibadan
3%
Aucun quiz correspondant
Distribution des résultats
% des personnes avec chaque résultat
Percentile par nombre de réponses
Votre historique - résultats
Vous n’avez pas pris ce quiz